Normal view
MARC view
Entry Personal Name
001 - CONTROL NUMBER
- control field: 17220
003 - CONTROL NUMBER IDENTIFIER
- control field: ARRUPE
005 - DATE AND TIME OF LATEST TRANSACTION
- control field: 20150416140026.0
008 - FIXED-LENGTH DATA ELEMENTS
- fixed length control field: 150416|| aca||aabn | a|a d
040 ## - CATALOGING SOURCE
- Original cataloging agency: ARRUPE
- Transcribing agency: ARRUPE
100 ## - HEADING--PERSONAL NAME
- Personal name: Gardner, H.
670 ## - SOURCE DATA FOUND
- Source citation: Work cat.: (ARRUPE): Gardner, H., Art education and development , 1990